[Event "Titled Tue 12th Nov Early"]
[Site "chess.com INT"]
[Date "2024.11.12"]
[Round "5"]
[White "Carlsen, M."]
[Black "Ragger, M."]
[Result "1-0"]
[WhiteElo "2831"]
[BlackElo "2579"]
[PlyCount "97"]
[EventDate "2024.11.12"]

1. Nf3 Nf6 2. g3 g6 3. b3 d5 4. Bb2 c5 5. Bg2 Bg7 6. c4 d4 7. b4 Nc6 ({RR} 7... O-O 8. bxc5 Nc6 9. d3 Nd7 10. Nbd2 Nxc5 11. O-O Re8 12. Nb3 Na6 13. Rb1 e5 14. Ba3 f5 15. Ne1 Qc7 16. Nc2 Be6 17. e3 dxe3 18. Nxe3 Qd7 19. Nd5 Rac8 20. Nd2 Nd8 21. Re1 b6 22. Nf1 {Pantsulaia,L (2532)-Iniyan,P (2578) Bengaluru IND 2025 1-0 (56)}) 8. b5 Nb8 9. e3 $146 ({RR} 9. O-O O-O 10. e3 dxe3 11. fxe3 Nbd7 12. Qe2 Qc7 13. d4 e6 14. Nbd2 b6 15. Ne5 Bb7 16. Nc6 Ne8 17. Nb3 Nd6 18. Rad1 a6 19. dxc5 Nxc5 20. Nxc5 Bxb2 21. Nxb7 Nxc4 22. Qxc4 axb5 23. Qxb5 {1-0 (23) Mroczek,M (2105)-Heiming,T Oberhausen 1998}) ({RR} 9. O-O O-O 10. e3 dxe3 11. fxe3 Nbd7 12. a4 Nb6 13. Na3 a5 14. d4 Ng4 15. Qe2 Bh6 16. Nc2 cxd4 17. Bxd4 Qc7 18. c5 Nd5 19. Rad1 Be6 20. b6 Qc8 21. Nd2 Ngf6 22. Nc4 Rd8 23. Ne5 Ng4 {Carlsen,M (2832)-Niemann,H (2733) chess.com INT 2024 1-0 (45)}) ({RR} 9. O-O O-O 10. e3 dxe3 11. dxe3 a6 12. Qe2 axb5 13. cxb5 Bf5 14. Rd1 Qc8 15. a4 c4 16. Ne5 Bxb1 17. Raxb1 Rxa4 18. Rbc1 Qc5 19. Bc3 Qxb5 20. Rb1 Qa6 21. Rxb7 Ra3 22. Bd4 Ra2 23. Qxc4 Qxc4 {Harikrishnan,A (2461)-Goroshkov,M (2363) Ljubljana SLO 2024 ½-½ (78)}) 9... O-O 10. exd4 Nh5 11. O-O cxd4 12. Re1 a6 13. a4 axb5 14. axb5 Rxa1 15. Bxa1 Bf6 16. d3 Re8 17. Nbd2 Bf5 18. Ne4 Bxe4 19. Rxe4 e5 20. Qe1 Nd7 21. Bxd4 Ng7 22. Nxe5 Bxe5 23. Bxe5 Nc5 24. Qa1 Nxe4 25. Bxe4 Ne6 26. h4 Qd7 27. Bd5 Qe7 28. Bf6 Qc5 29. Kg2 Qd6 30. Qe5 Qd7 31. Qe3 Qd6 32. Be5 Qd7 33. Bc3 Qe7 34. Qe5 f6 35. Qxf6 Qxf6 36. Bxf6 Kf8 37. Bxb7 Nc5 38. Bc6 Re6 39. d4 Nd3 40. Bg5 Re2 41. Be3 Rb2 42. c5 Ne1+ 43. Kf1 Nc2 44. b6 Ke7 45. b7 Nxe3+ 46. fxe3 Ke6 47. e4 Ke7 48. d5 Kd8 49. d6 1-0

[Event "Titled Tue 12th Nov Early"]
[Site "chess.com INT"]
[Date "2024.11.12"]
[Round "11"]
[White "Kamsky, G."]
[Black "Zhu, Jiner"]
[Result "1-0"]
[WhiteElo "2609"]
[BlackElo "2514"]
[PlyCount "53"]
[EventDate "2024.11.12"]

1. Nf3 Nf6 2. g3 d5 3. Bg2 e6 4. O-O Be7 5. d3 O-O 6. Nc3 d4 7. Nb5 ({RR} 7. Nb1 Nc6 8. c3 e5 9. b4 a6 10. a3 Re8 11. Bb2 Bf8 12. Nbd2 h6 13. Rc1 dxc3 14. Bxc3 Nd4 15. Bxd4 exd4 16. Nb3 a5 17. Nxa5 c5 18. Nd2 Nd5 19. Bxd5 Qxd5 20. Qb3 Qxb3 21. Naxb3 cxb4 {Henriquez Villagra,C (2618)-Paravyan,D (2612) chess.com INT 2023 0-1 (55)}) 7... c5 8. c3 $146 ({RR} 8. a4 Nc6 9. e4 dxe3 10. Bxe3 Nd5 11. Bd2 Bf6 12. c3 b6 13. Re1 Bb7 14. h4 h6 15. Nh2 Be7 16. Ng4 Kh7 17. Nxh6 gxh6 18. Qh5 Nf6 19. Qxh6+ Kg8 20. Bg5 Re8 21. Re4 Nxe4 22. Bxe4 Bxg5 {Carlsen,M (2833)-Baskakov,E (2215) chess.com INT 2025 1-0 (64)}) ({RR} 8. a4 Nc6 9. e4 dxe3 10. Bxe3 Nd5 11. Bd2 Bf6 12. c3 b6 13. Re1 Bb7 14. h4 h6 15. Nh2 Be7 16. Ng4 Kh7 17. Nxh6 gxh6 18. Qh5 Nf6 19. Qxh6+ Kg8 20. Bg5 Re8 21. Re4 Nxe4 22. Bxe4 Bxg5 {Carlsen,M (2833)-Baskakov,E (2215) chess.com INT 2025 1-0 (64)}) 8... Bd7 9. a4 a6 10. Na3 Nc6 11. Nc4 Nd5 12. Bd2 Bf6 13. cxd4 cxd4 14. Qb3 Rb8 15. a5 Qe7 16. h4 h6 17. Nh2 Rfd8 18. Ng4 Be8 19. Rac1 Nc7 20. Nxf6+ Qxf6 21. Bf4 Rbc8 22. Nb6 e5 23. Nxc8 exf4 24. Qxb7 Nd5 25. Bxd5 Rxd5 26. Rxc6 Bxc6 27. Qxc6 1-0

[Event "Titled Tue 19th Nov Early"]
[Site "chess.com INT"]
[Date "2024.11.19"]
[Round "6"]
[White "Daneshvar, Bardiya"]
[Black "Alonso Rosell, A."]
[Result "1-0"]
[WhiteElo "2600"]
[BlackElo "2532"]
[PlyCount "139"]
[EventDate "2024.11.19"]

1. b3 c5 2. Bb2 Nf6 3. Nf3 g6 4. Bxf6 exf6 5. c4 d5 6. Nc3 ({RR} 6. cxd5 Qxd5 7. Nc3 Qd8 8. g3 Nc6 9. Bg2 Be7 10. O-O O-O 11. Rc1 Rb8 12. Ne1 Bf5 13. Bxc6 bxc6 14. Na4 Qa5 15. d3 Rfd8 16. Ng2 Be6 17. Nf4 Bg4 18. Qe1 Qa6 19. Rc2 Bd6 20. Qc3 Bxf4 {Aronian,L (2759)-Gelfand,B (2668) chess24.com INT 2022 1-0 (51)}) 6... d4 7. Nd5 $146 ({RR} 7. Nb1 Bg7 8. d3 O-O 9. Nbd2 f5 10. b4 cxb4 11. Qb3 Nc6 12. g3 a5 13. Bg2 Qd6 14. O-O Be6 15. Rfc1 Rfc8 16. a3 a4 17. Qb2 b3 18. Ng5 Bd7 19. Bd5 Nd8 20. Ndf3 h6 21. Nh3 Be6 {Molina Mendoza,O (2070)-Noy,E (2216) chess.com INT 2024 0-1 (38)}) 7... Bg7 8. g3 O-O 9. Bg2 f5 10. O-O Be6 11. Nf4 Nc6 12. Nxe6 fxe6 13. d3 e5 14. Nd2 e4 15. dxe4 f4 16. a3 a5 17. Nf3 Ne5 18. Ne1 Qe7 19. Nd3 g5 20. f3 Qd6 21. g4 a4 22. bxa4 Ra6 23. Rb1 b6 24. Rb5 Rfa8 25. Nb2 Bf6 26. Qb3 Bd8 27. h4 h6 28. h5 Kg7 29. Rb1 R8a7 30. Bf1 Ra8 31. Kg2 Qe6 32. Qc2 Nf7 33. Kh1 Nd6 34. Rb3 Nf7 35. Rb5 Nd6 36. Rb3 Bc7 37. Bh3 Rxa4 38. Nxa4 Rxa4 39. Rxb6 Rxc4 40. Qb3 Bxb6 41. Qxb6 Qe7 42. Qc6 Rc2 43. Bf1 Nf7 44. Qg6+ Kf8 45. Rb8+ Nd8 46. Qxh6+ Kf7 47. Qh7+ Ke6 48. Qf5+ Kd6 49. e5+ Kd5 50. Qxc2 Nc6 51. Qe4+ Ke6 52. Qxc6+ Kxe5 53. Qe4+ Kd6 54. Rb6+ Kc7 55. Qxe7+ Kxb6 56. h6 c4 57. Qb4+ Kc6 58. Qxc4+ Kd6 59. h7 Ke5 60. h8=Q+ Kd6 61. Qf6+ Kd7 62. a4 d3 63. exd3 Ke8 64. d4 Kd7 65. a5 Ke8 66. a6 Kd7 67. a7 Ke8 68. a8=Q+ Kd7 69. Qff7+ Kd6 70. Qb4# 1-0

[Event "Titled Tue 19th Nov Late"]
[Site "chess.com INT"]
[Date "2024.11.19"]
[Round "7"]
[White "Nakamura, Hi"]
[Black "Ibarra Jerez, JC."]
[Result "1-0"]
[WhiteElo "2802"]
[BlackElo "2556"]
[PlyCount "65"]
[EventDate "2024.11.19"]

1. b3 c5 2. Bb2 Nc6 3. Nf3 d6 4. d4 cxd4 5. Nxd4 Nf6 6. Nxc6 bxc6 7. g3 ({RR} 7. e3 g6 8. Be2 Bg7 9. O-O O-O 10. c4 c5 11. Bf3 Rb8 12. Nc3 Nd7 13. Qd2 Ne5 14. Be2 Bb7 15. Rad1 a6 16. Qc1 Re8 17. Qa1 Nd7 18. Rd2 Qc8 19. Rfd1 Bc6 20. Nd5 Bxb2 21. Qxb2 a5 {Nakamura,H (2785)-Yu,Y (2738) Caleta 2017 ½-½ (65)}) 7... Qa5+ ({RR} 7... Bb7 8. Bg2 Qc7 9. e4 e5 10. O-O Be7 11. c4 O-O 12. Nc3 Nd7 13. b4 Nb6 14. Qb3 a5 15. a3 a4 16. Qa2 Ba6 17. b5 cxb5 18. cxb5 Bb7 19. Rac1 Qc4 20. Qa1 Qb3 21. Rb1 Rac8 22. Rfc1 {Nakamura,H (2788)-Pinheiro,I (2270) chess.com INT 2024 1-0 (37)}) 8. Nd2 g6 $146 ({RR} 8... Qd5 9. e4 Qc5 10. Bg2 Bg4 11. f3 Qe3+ 12. Qe2 Qxe2+ 13. Kxe2 Bd7 14. c4 c5 15. f4 Bc6 16. Rhg1 Nd7 17. e5 Bxg2 18. Rxg2 dxe5 19. fxe5 e6 20. Ne4 Be7 21. Rd1 Rd8 22. Ke3 Nb8 23. Rgd2 {Nakamura,H (2750)-Erigaisi,A (2660) Chess.com INT 2022 1-0 (60)}) 9. Bg2 d5 10. O-O Bg7 11. e4 O-O 12. exd5 cxd5 13. Re1 Bg4 14. Qc1 Bh6 15. f4 Rac8 16. c4 Rfd8 17. Qc3 Qb6+ 18. Qe3 d4 19. Qf2 Bf5 20. h3 Bc2 21. Re5 Bg7 22. Rae1 Nd7 23. Rb5 Qa6 24. Bb7 Qxa2 25. Bxc8 Qxb2 26. Bxd7 Rxd7 27. Rb8+ Bf8 28. Qf3 d3 29. Qa8 Qg7 30. Kg2 h5 31. Re5 e6 32. Rc5 f5 33. Rxf8+ 1-0

[Event "14th London Classic Elite"]
[Site "London ENG"]
[Date "2024.12.01"]
[Round "3.1"]
[White "Mamedyarov, S."]
[Black "Ju, Wenjun"]
[Result "1-0"]
[WhiteElo "2738"]
[BlackElo "2563"]
[PlyCount "85"]
[EventDate "2024.11.29"]

1. Nf3 d5 2. g3 g6 3. Bg2 Bg7 4. O-O e5 5. d3 Ne7 6. c4 c6 7. e4 O-O ({RR} 7... dxe4 8. dxe4 Qxd1 9. Rxd1 Be6 10. b3 f6 11. Nc3 Na6 12. Be3 h5 13. Ne1 h4 14. Nd3 hxg3 15. hxg3 Kf7 16. f4 exf4 17. gxf4 Rhd8 18. Kf2 Rd7 19. Nc5 Nxc5 20. Bxc5 b6 21. Rxd7 Bxd7 22. Be3 {Ding,L (2799)-Aronian,L (2782) chess24.com INT 2021 ½-½ (53)}) 8. b4 dxe4 9. dxe4 Nf5 $146 ({RR} 9... Qxd1 10. Rxd1 Be6 11. Na3 Na6 12. Ng5 Bg4 13. f3 Bc8 14. b5 Nc5 15. Be3 Na4 16. Rac1 h6 17. Nh3 Be6 18. Nf2 Rfc8 19. Nd3 f6 20. Nc5 Nxc5 21. Bxc5 Bf8 22. f4 Bg4 23. Rf1 cxb5 24. cxb5 {Borne,F (2225)-Kjartansson,G (2450) Reykjavik ISL 2025 1-0 (61)}) 10. Bb2 Nd4 11. Nxd4 exd4 12. Nd2 a5 13. b5 a4 14. Ba3 Re8 15. f4 cxb5 16. cxb5 d3 17. e5 f5 18. Kh1 Be6 19. Bxb7 Ra5 20. Bg2 Rxb5 21. Bd6 Bf8 22. Qxa4 Qa5 23. Qxa5 Rxa5 24. Bxf8 Kxf8 25. Nb3 Ra3 26. Nc5 Nd7 27. Nxe6+ Rxe6 28. Rfc1 Rea6 29. Rc8+ Ke7 30. Bc6 Ra7 31. Rh8 Nf8 32. Bd5 d2 33. Rd1 Rd3 34. Rg8 Ne6 35. Bc4 Rd4 36. Rc8 Nc7 37. Bb3 Kd7 38. Rh8 h5 39. Kg2 Kc6 40. Kf2 Nb5 41. Rc8+ Kb6 42. a4 Nc7 43. Ke3 1-0

[Event "Region Group Cup 2024"]
[Site "Moscow RUS"]
[Date "2024.11.30"]
[Round "9.3"]
[White "Karjakin, Sergey"]
[Black "Lagno, Kateryna"]
[Result "1-0"]
[WhiteElo "2750"]
[BlackElo "2527"]
[PlyCount "71"]
[EventDate "2024.11.29"]

1. g3 d5 2. Nf3 Nf6 3. Bg2 e6 4. O-O Be7 5. d3 O-O 6. Nbd2 Nc6 7. d4 a5 ({RR} 7... Ne4 8. c3 f5 9. Ne1 e5 10. dxe5 Nxe5 11. Nd3 Ng6 12. c4 Be6 13. cxd5 Nxd2 14. dxe6 Nxf1 15. Kxf1 c6 16. Qb3 Qb6 17. Qc4 Kh8 18. Be3 Qc7 19. f4 Rad8 20. Rc1 Bf6 21. Qb4 Rfe8 22. Bxa7 {Kramnik,V (2801)-Aronian,L (2792) Zuerich 2016 ½-½ (49)}) 8. c4 ({RR} 8. c3 b6 9. Qc2 Bb7 10. e4 dxe4 11. Ne5 Nxe5 12. dxe5 Nd7 13. Bxe4 Bxe4 14. Qxe4 Nc5 15. Qe2 Qd3 16. Re1 Qxe2 17. Rxe2 Nd3 18. Nf3 Rfd8 19. Be3 b5 20. Nd4 Rd5 21. f4 b4 22. c4 Rd7 {Mammadzada,G (2396)-Fataliyeva,U (2387) Baku AZE 2025 1-0 (34)}) 8... a4 $146 ({RR} 8... b6 9. b3 Bb7 10. Bb2 a4 11. cxd5 exd5 12. bxa4 Bd6 13. Nb1 Ne4 14. Nfd2 Nxd2 15. Nxd2 Bb4 16. Nb1 Na5 17. Bc3 Qe7 18. Qc2 Bd6 19. e3 Qd7 20. Bxa5 Rxa5 21. Nc3 Rfa8 22. Qb3 Bf8 23. Rfc1 {Shankland,S (2671)-Sivuk,V (2544) Sharjah UAE 2024 1-0 (56)}) ({RR} 8... b6 9. b3 Bb7 10. Bb2 a4 11. cxd5 exd5 12. bxa4 Bd6 13. Nb1 Ne4 14. Nfd2 Nxd2 15. Nxd2 Bb4 16. Nb1 Na5 17. Bc3 Qe7 18. Qc2 Bd6 19. e3 Qd7 20. Bxa5 Rxa5 21. Nc3 Rfa8 22. Qb3 Bf8 23. Rfc1 {Shankland,S (2671)-Sivuk,V (2544) Sharjah UAE 2024 1-0 (56)}) 9. a3 Bd7 10. Qc2 Na5 11. Ne5 Be8 12. Rd1 c5 13. cxd5 exd5 14. dxc5 Rc8 15. Nd3 b6 16. e4 dxe4 17. Nxe4 Nb3 18. Rb1 Nxe4 19. Bxe4 Nd4 20. Qd2 bxc5 21. Nf4 Bd6 22. Ne2 Qe7 23. Nc3 Bb8 24. Qd3 Rd8 25. Re1 Kh8 26. Bd2 f5 27. Bg2 Qf7 28. Bg5 Rc8 29. Be7 Rg8 30. Bd5 Qh5 31. Bxc5 Rxc5 32. Qxd4 Rc6 33. Bxg8 Rh6 34. Bd5 Qxh2+ 35. Kf1 Bh5 36. Qe3 1-0

[Event "Titled Tue 26th Nov Early"]
[Site "chess.com INT"]
[Date "2024.11.26"]
[Round "9"]
[White "Firouzja, Alireza"]
[Black "Bluebaum, M."]
[Result "1-0"]
[WhiteElo "2763"]
[BlackElo "2654"]
[PlyCount "151"]
[EventDate "2024.11.26"]

1. Nf3 d5 2. b3 e6 3. Bb2 Nf6 4. g3 Bd6 5. Bg2 O-O 6. O-O Nc6 7. c4 ({RR} 7. d4 a5 8. c4 a4 9. Nbd2 a3 10. Bc3 Bb4 11. Qc2 Bxc3 12. Qxc3 Ne4 13. Qe3 f5 14. Rfc1 Qf6 15. Nb1 Rd8 16. Nc3 dxc4 17. Nb5 cxb3 18. Qxb3 Qe7 19. e3 Ra5 20. Rab1 h6 21. h4 Kh7 {Nakamura,H (2802)-Bluebaum,M (2654) chess.com INT 2024 0-1 (47)}) 7... d4 8. d3 e5 9. Nbd2 $146 ({RR} 9. e3 dxe3 10. fxe3 Bg4 11. Nc3 Qd7 12. Nd5 Nxd5 13. cxd5 Ne7 14. e4 c6 15. Qe1 f6 16. d4 cxd5 17. dxe5 fxe5 18. Nxe5 Rxf1+ 19. Qxf1 Bxe5 20. Bxe5 Qe6 21. Bb2 dxe4 22. Re1 e3 23. h3 Bh5 {Theodorou,N (2611)-Bluebaum,M (2643) chess.com INT 2025 ½-½ (109)}) 9... a5 10. a3 Re8 11. Re1 h6 12. h3 Bf5 13. Nh4 Bh7 14. Ne4 Be7 15. Nxf6+ Bxf6 16. Nf3 e4 17. dxe4 Bxe4 18. Qd2 Qd6 19. Red1 Rad8 20. Ne1 Qe6 21. Bf1 Bg5 22. f4 Bf6 23. Nd3 Bf5 24. Kh2 h5 25. Re1 Qe3 26. Rad1 Qxd2 27. Rxd2 Re3 28. Bg2 Rde8 29. Nc1 Be4 30. Bxe4 R3xe4 31. Nd3 b6 32. Bc1 Ne7 33. Ra2 Nf5 34. h4 Ne3 35. Kg1 a4 36. bxa4 Nxc4 37. Rc2 Na5 38. Rxc7 Rxe2 39. Rxe2 Rxe2 40. f5 Ra2 41. Nf4 Be5 42. Rc8+ Kh7 43. Nd3 Bxg3 44. Rf8 f6 45. Re8 Bxh4 46. Re4 Bg5 47. Bxg5 fxg5 48. Re7 Kg8 49. Ne5 g4 50. Re8+ Kh7 51. Nf7 g5 52. Ne5 Kg7 53. Re6 Ra1+ 54. Kg2 Ra2+ 55. Kg1 Ra1+ 56. Kf2 Ra2+ 57. Ke1 Ra1+ 58. Ke2 Ra2+ 59. Kd3 Rxa3+ 60. Kxd4 Rxa4+ 61. Kd5 Rf4 62. Rg6+ Kh7 63. Rxg5 h4 64. Ke6 Kh6 65. Rg6+ Kh5 66. Rg8 h3 67. f6 Kh4 68. Ng6+ Kg3 69. Nxf4 Kxf4 70. f7 h2 71. f8=Q+ Kg3 72. Qd6+ Kg2 73. Rxg4+ Kf3 74. Qg3+ Ke2 75. Qxh2+ Kd1 76. Rg1# 1-0

[Event "Titled Tue 3rd Dec Early"]
[Site "chess.com INT"]
[Date "2024.12.03"]
[Round "6"]
[White "Nakamura, Hi"]
[Black "Bjerre, Jonas Buhl"]
[Result "1-0"]
[WhiteElo "2802"]
[BlackElo "2642"]
[PlyCount "135"]
[EventDate "2024.12.03"]

1. b3 c5 2. Bb2 Nc6 3. Nf3 Nf6 4. e3 g6 5. Bxf6 exf6 6. g3 ({RR} 6. c3 d5 7. d4 cxd4 8. Nxd4 Bg7 9. g3 O-O 10. Bg2 Nxd4 11. cxd4 Be6 12. Nc3 Rc8 13. Qd2 Qd6 14. O-O f5 15. Rfc1 Bf6 16. a3 Kg7 17. b4 Rfd8 18. Rc2 Qd7 19. Rac1 Rc6 20. Ne2 Rxc2 {Nakamura,H (2802)-Giri,A (2733) chess.com INT 2024 ½-½ (82)}) ({RR} 6. c4 Bg7 7. Nc3 f5 8. g3 Ne7 9. Rc1 d5 10. cxd5 Nxd5 11. Bb5+ Bd7 12. Bxd7+ Qxd7 13. Nxd5 Qxd5 14. O-O O-O 15. Qe2 b6 16. Rfd1 Rac8 17. d4 cxd4 18. Rxc8 Rxc8 19. Nxd4 Bxd4 20. exd4 h5 {Boyer,M (2531)-Alvarez Calzadilla,J (2370) chess.com INT 2025 0-1 (71)}) 6... d5 $146 ({RR} 6... Bg7 7. Bg2 f5 8. c3 O-O 9. O-O Rb8 10. d4 d6 11. Ne1 Ne7 12. Nd3 b6 13. a4 Qc7 14. Na3 a6 15. Ra2 Bb7 16. Bxb7 Rxb7 17. Nf4 Bh6 18. Ne2 Qc6 19. Nc4 Qc7 20. a5 b5 21. Nb6 {Pliester,L (2420)-Van den Brink,P (2210) Leeuwarden 1993 1-0 (42)}) 7. d4 cxd4 8. Nxd4 Bd6 9. c3 h5 10. Bg2 Bg4 11. Qd2 h4 12. h3 Bd7 13. Nb5 Bb8 14. g4 f5 15. gxf5 Bxf5 16. Qxd5 Qe7 17. Nd2 Rh5 18. Qf3 Be5 19. Nc4 a6 20. Nd4 Nxd4 21. cxd4 Bxd4 22. Rd1 Bc3+ 23. Kf1 Bc2 24. Qxb7 Qxb7 25. Bxb7 Rb8 26. Bc6+ Kf8 27. Rd7 Rc5 28. Bf3 Bf5 29. Ra7 Bd3+ 30. Be2 Be4 31. f3 Bb7 32. Kf2 Bb4 33. a3 Rxc4 34. Bxc4 Bc5 35. Rxb7 Rxb7 36. b4 Bd6 37. Rd1 Ke7 38. Rd5 Rc7 39. Bxa6 Rc2+ 40. Be2 Bg3+ 41. Kf1 Rc3 42. Rd3 Rc1+ 43. Bd1 Ra1 44. a4 Bd6 45. b5 Bc5 46. Ke2 Ra2+ 47. Rd2 Ra3 48. Rd3 Ra2+ 49. Kf1 Rh2 50. a5 Rh1+ 51. Kg2 Re1 52. Kf2 Rh1 53. b6 Rxh3 54. Rc3 Bd6 55. a6 Rh2+ 56. Kf1 Rh1+ 57. Ke2 h3 58. a7 Rh2+ 59. Kd3 Ra2 60. Rc2 Ra3+ 61. Kc4 h2 62. Rxh2 Bxh2 63. f4 Bg1 64. b7 Rxa7 65. b8=Q Rd7 66. Qe5+ Kd8 67. Qg5+ Kc7 68. Qxg1 1-0

[Event "Titled Tue 3rd Dec Late"]
[Site "chess.com INT"]
[Date "2024.12.03"]
[Round "7"]
[White "Nakamura, Hi"]
[Black "Kramnik, V."]
[Result "1-0"]
[WhiteElo "2802"]
[BlackElo "2753"]
[PlyCount "159"]
[EventDate "2024.12.03"]

1. b3 Nf6 2. Bb2 d5 3. d3 g6 4. g3 Bg7 5. Bg2 O-O 6. Nf3 c5 7. O-O Nc6 8. Ne5 Nxe5 ({RR} 8... Nd4 9. e3 Nf5 10. Nd2 Re8 11. Qe2 Nd7 12. f4 Nxe5 13. Bxe5 f6 14. Bb2 d4 15. Nc4 e5 16. e4 Nd6 17. Rf2 Nxc4 18. bxc4 Qd6 19. Raf1 Bd7 20. Bc1 b5 21. cxb5 Bxb5 22. h4 Bd7 23. f5 {Liang,A (2600)-Gledura,B (2645) Chess.com INT 2019 1-0 (56)}) 9. Bxe5 Be6 ({RR} 9... e6 10. c4 b6 11. cxd5 Nxd5 12. Bxg7 Kxg7 13. Qd2 Bb7 14. Nc3 Rb8 15. Ne4 e5 16. Qb2 Re8 17. a3 a5 18. Nc3 Nxc3 19. Qxc3 Bxg2 20. Kxg2 Qd4 21. Rfc1 Red8 22. Rab1 f6 23. h4 h5 24. Qxd4 {Skotheim,A (2214)-Gatterer,F (2170) chess.com INT 2024 ½-½ (72)}) 10. c4 Qd7 11. Nd2 $146 ({RR} 11. Nc3 d4 12. Bxf6 exf6 13. Nd5 Rab8 14. b4 Bxd5 15. Bxd5 cxb4 16. Qb3 a5 17. a3 bxa3 18. Qb6 Qd8 19. Rfb1 Qxb6 20. Rxb6 f5 21. Rxa3 Be5 22. Bxb7 Bc7 23. Rb5 Rfe8 24. Kf1 Kg7 25. Ra1 Re7 {Czebe,A (2379)-Antal,G (2562) Ajka 2021 1-0 (48)}) 11... Rac8 12. Rc1 b6 13. Re1 Rfd8 14. Qc2 Ng4 15. Bxg7 Kxg7 16. Qb2+ Nf6 17. cxd5 Bxd5 18. Nf3 Bxf3 19. Bxf3 Qd4 20. Qa3 a5 21. Rc4 Qe5 22. Rec1 Rd4 23. Qa4 Rcd8 24. Qb5 R8d6 25. a3 g5 26. R4c2 h5 27. Bc6 Qe6 28. Bg2 Qf5 29. Rc4 Ng4 30. Rf1 Qf6 31. Rxd4 Qxd4 32. Qc4 Qb2 33. Qc1 Qxc1 34. Rxc1 Ne5 35. b4 cxb4 36. axb4 axb4 37. Rb1 Rd4 38. Be4 g4 39. Kg2 e6 40. e3 Rd6 41. d4 Nc6 42. Kf1 f5 43. Bc2 Kf6 44. Ba4 Ne7 45. Rxb4 Nd5 46. Rc4 e5 47. Be8 h4 48. gxh4 Ne7 49. dxe5+ Kxe5 50. Rb4 Kf6 51. Kg2 Re6 52. Rb5 Rd6 53. Rb3 Re6 54. Bb5 Rd6 55. Bc4 Ng6 56. Kg3 Ne5 57. Be2 Nd7 58. Rb2 Nc5 59. Kg2 Ne6 60. h3 gxh3+ 61. Kxh3 f4 62. Kg4 fxe3 63. fxe3 Rc6 64. Rb3 Nc5 65. Rb4 Re6 66. Kf3 Rd6 67. Bb5 Re6 68. Rf4+ Kg6 69. Ke2 Re5 70. Bc6 Rh5 71. Be8+ Kh6 72. Bxh5 Kxh5 73. Kf3 Kg6 74. Rb4 Nd7 75. Rd4 Ne5+ 76. Ke4 Nf7 77. Rb4 Kh5 78. Rxb6 Kxh4 79. Kf4 Kh5 80. e4 1-0

[Event "Titled Tue 10th Dec Late"]
[Site "chess.com INT"]
[Date "2024.12.10"]
[Round "9"]
[White "Naroditsky, D."]
[Black "Tang, Andrew"]
[Result "1-0"]
[WhiteElo "2619"]
[BlackElo "2527"]
[PlyCount "67"]
[EventDate "2024.12.10"]

1. g3 d5 2. Bg2 c6 3. d3 Bg4 4. Nf3 Nd7 5. O-O e6 6. b3 Bd6 ({RR} 6... Be7 7. Bb2 Bf6 8. d4 Be7 9. Nbd2 Ngf6 10. Re1 O-O 11. e4 dxe4 12. Nxe4 Nxe4 13. Rxe4 Bf5 14. Re3 a5 15. a3 Bf6 16. Qe2 Qc7 17. c4 Bg4 18. h3 Bxf3 19. Bxf3 Rad8 20. Rd1 Nb6 21. a4 {Vaganian,R (2645)-Razuvaev,Y (2585) Reggio Emilia 1995 ½-½}) ({RR} 6... f6 7. d4 Bd6 8. c4 Ne7 9. Nc3 O-O 10. e4 Rc8 11. c5 Bb8 12. Re1 Bh5 13. Qe2 Re8 14. exd5 exd5 15. Bd2 Bg6 16. Nh4 Nf5 17. Qg4 Nxh4 18. Qxh4 f5 19. Rxe8+ Qxe8 20. Re1 Qf8 21. Qe7 {Da Silva Junior,M (1709)-Cardoso,L Florianopolis 2021 ½-½ (47)}) 7. Bb2 f6 8. e4 Ne7 $146 ({RR} 8... dxe4 9. dxe4 Qc7 10. Nbd2 e5 11. Nc4 Bc5 12. Qe1 Be6 13. Qe2 Ne7 14. Nh4 O-O 15. Bf3 Rfd8 16. Bg4 Nf8 17. Rad1 Bf7 18. Bh5 g6 19. Bg4 Ne6 20. Qf3 Kg7 21. Bxe6 Bxe6 22. Nxe5 fxe5 23. Qf4 {Hoffmann,M (2467)-Keller,P (2248) Bad Homburg 2015 1-0}) 9. Nbd2 O-O 10. Qe2 Bc7 11. h3 Bh5 12. d4 Re8 13. c4 a5 14. Rfe1 Bf7 15. a4 Bd6 16. Bc3 Qb8 17. Rad1 Ng6 18. h4 Ne7 19. Bh3 Nf8 20. e5 fxe5 21. dxe5 Bc5 22. Ng5 h6 23. Nxf7 Kxf7 24. Qh5+ Kg8 25. Nf3 Qa7 26. Nd4 dxc4 27. Bxe6+ Nxe6 28. Nxe6 Bxf2+ 29. Kg2 Nd5 30. Nxg7 Bxe1 31. Rxe1 Ne3+ 32. Kh3 Re7 33. e6 Nd5 34. Nf5 1-0

[Event "Titled Tue 10th Dec Late"]
[Site "chess.com INT"]
[Date "2024.12.10"]
[Round "11"]
[White "Aravindh, Chithambaram VR."]
[Black "Postny, E."]
[Result "1-0"]
[WhiteElo "2718"]
[BlackElo "2572"]
[PlyCount "149"]
[EventDate "2024.12.10"]

1. g3 d5 2. Bg2 c6 3. d3 Bg4 4. Nd2 Nf6 5. h3 Bh5 6. Ngf3 e6 7. O-O Nbd7 8. e4 dxe4 9. dxe4 e5 ({RR} 9... Bc5 10. c3 O-O 11. Qc2 Qe7 12. g4 Bg6 13. Nh4 Bxe4 14. Nxe4 Nxe4 15. Qxe4 Qxh4 16. b4 Nf6 17. Qe5 Bb6 18. Bg5 Nxg4 19. hxg4 Qxg4 20. Be3 Rad8 21. Qe4 Qxe4 22. Bxe4 f5 23. Bxb6 axb6 24. Bc2 {Swiatlowski,L (2199)-Valgmae,T (2270) chess.com INT 2024 0-1 (45)}) 10. Qe1 Bc5 ({RR} 10... Be7 11. Nh4 O-O 12. Nf5 Bc5 13. Nc4 a5 14. a4 Bg6 15. Bd2 b6 16. Bc3 Qc7 17. Nh4 Rfe8 18. Nxg6 hxg6 19. Bd2 Bf8 20. Qe2 Nc5 21. Rfd1 Ne6 22. Bc3 Nc5 23. h4 Nb7 24. b3 b5 25. Ne3 {Malakhov,V (2692)-Lysyj,I (2620) Budva 2009 1-0 (59)}) 11. Nc4 Qc7 $146 ({RR} 11... Bxf3 12. Bxf3 b5 13. Na5 Qc7 14. Bd2 O-O 15. c4 Rab8 16. cxb5 cxb5 17. Rc1 Qd6 18. Nb3 Rfc8 19. Nxc5 Nxc5 20. Bb4 Qd4 21. Bc3 Qd6 22. Qe3 b4 23. Rfd1 Qe7 24. Be1 Ne6 25. Be2 Nd4 26. Bc4 {Ubilava,E (2540)-Merino Garcia,R (2285) Montanchez 1998 1-0 (40)}) 12. a4 a5 13. Bd2 b6 14. Bc3 Bxf3 15. Bxf3 O-O 16. Bg2 Rfe8 17. Kh1 Nh5 18. Qe2 g6 19. Rad1 Rad8 20. Rd2 Bb4 21. Bxb4 axb4 22. Rfd1 Nc5 23. Rxd8 Rxd8 24. Rxd8+ Qxd8 25. Nxe5 Qd4 26. Nxc6 Qxb2 27. Qc4 Qc3 28. Qxb4 Qxc2 29. Qd4 Qxa4 30. Qd8+ Kg7 31. Ne7 Nf6 32. f3 Qd7 33. Qxd7 Nfxd7 34. Bf1 f6 35. Kg2 Kf7 36. Nc8 f5 37. exf5 gxf5 38. Kf2 f4 39. gxf4 Kf6 40. Ke3 h6 41. h4 Ne6 42. Bh3 Nec5 43. Nd6 Ke7 44. Nf5+ Ke8 45. Nxh6 Ke7 46. Nf5+ Kf6 47. Nd6 Nf8 48. h5 Kg7 49. Nf5+ Kh7 50. Nd4 Nfd7 51. Bg4 Nf6 52. Kf2 Kh6 53. Nf5+ Kh7 54. Kg3 b5 55. Kh4 Ne6 56. Nd6 Nxf4 57. Nxb5 Kh6 58. Nd6 N4xh5 59. Nf7+ Kg6 60. Ne5+ Kh6 61. Nd3 Nxg4 62. fxg4 Ng7 63. Nf4 Kh7 64. Kg5 Ne8 65. Kf5 Kg7 66. Ne6+ Kg8 67. Ng5 Nd6+ 68. Kg6 Nc4 69. Nf7 Ne3 70. g5 Ng4 71. Nh6+ Nxh6 72. Kxh6 Kh8 73. g6 Kg8 74. g7 Kf7 75. Kh7 1-0